El desafío de la época actual a la organización educativa

Guardat en:
Dades bibliogràfiques
Autor principal: García Etchegoyhen de Lorenzo, Eloísa (Autor)
Format: Llibre
Idioma:espanyol
Publicat: Montevideo Consejo Nacional de Enseñanza 1968
Matèries:
Etiquetes: Afegir etiqueta
Sense etiquetes, Sigues el primer a etiquetar aquest registre!

MARC

LEADER 00000nam a2200000 a 4500
001 UCY2155
003 CL-VaPUC
008 941011e19680000UY |||||||||||||||||spa|d
082 0 4 |a 371.2  |b GAR  |2 21 
100 |a García Etchegoyhen de Lorenzo, Eloísa  |e author  |9 330200 
245 1 3 |a El desafío de la época actual a la organización educativa 
300 |a 29 p 
942 |c BK 
945 |d 19941011 00:00:00  |a rbrito 
260 |a Montevideo  |b Consejo Nacional de Enseñanza  |c 1968 
650 0 |a Administración de la enseñanza   |9 261034 
650 0 |a Gestión educacional   |9 261035 
650 0 |a Planificación de la educación   |9 307333 
583 |a last modification  |c 20170427 01:00:04  |k Rodrigo Vera 
999 |c 230647  |d 230645 
952 |0 0  |1 0  |4 0  |6 371_200000000000000_GAR_1968  |7 0  |8 P  |9 233064  |a BIBEDU  |b BIBEDU  |c BIBEDU_PB  |d 2019-11-15  |i 3018350  |o 371.2 GAR 1968  |p 3018350  |r 2024-01-25  |w 2019-11-15  |y BK  |k EDU 
952 |0 0  |1 0  |4 0  |6 371_200000000000000_GAR_1968  |7 0  |8 P  |9 233065  |a BIBEDU  |b BIBEDU  |c BIBEDU_PB  |d 2019-11-15  |i 3018369  |o 371.2 GAR 1968  |p 3018369  |r 2019-11-15  |w 2019-11-15  |y BK  |k EDU